000
00331nam a22001577a 4500
003
SGT
020
_a
978-93-5359-251-6
082
_a
631.587
_b
RED
100
_a
REDDY, S.R.
245
_a
IRRIGATION AGRONOMY
250
_a
5TH
260
_a
DELHI
_b
KALYANI
_c
2022
300
_a
550
650
_a
AGRONOMY
942
_2
ddc
_c
BK
_0
1
999
_c
25679
_d
25679